000 01522nam a2200409 a 4500
001 0000235
003 DO-SdBNP
005 20180306130943.0
007 0000235
008 150130s 2013 dr ac 000 0 spa d
010 _a
020 _a9789945461958 (
040 _aBPMSU
_bspa
_cBPMSU
092 _a372.7
_bR788m, 3ro. 2013
100 1 _aRosa, María del Jesús de la
245 1 0 _aMatemática 3 :
_beducación básica /
_cMaría del Jesús de la Rosa, Dolores de la Rosa ; ilustraciones Ramón Sandoval.
250 _aed. revisada y actualizada
260 _aSanto Domingo :
_bActualidad Escolar 2000,
_c2013.
300 _a2v. :
_bil., retrs. ;
_c28 cm.
490 1 _aSigma
500 _aTercer grado. Primer ciclo educación básica
500 _aLa biblioteca posee el Libro texto y el libro del maestro
504 _aBibliografías p: 196
505 1 _gv.1. -
_tNumeración I --
_tOperaciones I --
_tNumeración II --
_tOperaciones II --
_tNumeración III --
_tGeometría --
_tMediciones --
_tEstadística --
650 _aMATEMÁTICA
_xENSEÑANZA BÁSICA
650 _aEDUCACIÓN PRIMARIA
_zREPÚBLICA DOMINICANA
650 _aMATEMÁTICA
_xEDUCACIÓN PRIMARIA
650 _aMATEMÁTICA
_xLIBRO DE TEXTO
650 _aMATEMÁTICA
_xESTUDIOS Y EJERCICIOS
700 1 _aDe la Rosa, Dolores
700 1 _aSandoval, Ramón
_eil.
830 0 _aSigma
910 _aValidado. Control de calidad MFF
942 _2ddc
_cBK
945 _aRemanejado para la BNPHU / 2018 VM
956 _aYLOCKWARD
_b10
999 _c9507
_d9507